The Banker
Gespeichert in:
| Format: | Schriftenreihe |
|---|---|
| Sprache: | Englisch |
| Veröffentlicht: |
[London]
Financial Times Business Pub.
|
| Tags: |
Keine Tags, Fügen Sie das erste Tag hinzu!
|
MARC
| LEADER | 00000nas1a22000001 4500 | ||
|---|---|---|---|
| 001 | s120423 | ||
| 005 | 20250716135425.8 | ||
| 022 | |a 0005-5395 | ||
| 041 | 0 | |a eng | |
| 044 | |a GB | ||
| 245 | 1 | 0 | |a The Banker |
| 264 | 1 | |a [London] |b Financial Times Business Pub. | |